000 00401nam a2200157Ia 4500
008 210716s2014 xx 000 0 und d
020 _a9788126543946
041 _aeng
082 _a658.404 MARJ
100 _aMarchewka, Jack T.
245 _aInformation technology project management.
250 _a4
260 _aNew Delhi
_bWILEY
_c2014
300 _axxiii,456
650 _aProject Management
999 _c209941
_d209941